000 00551nam a2200229 a 4500
999 _c4518
_d4518
001 4518
003 BD-JhCC
005 20180210163347.0
008 171128s 1959p |||| || | 000 0 eng d
035 _a(BD-JhCC)4518
040 _aBD-JhCC
_dBD-JhCC
041 _aeng
082 _a956
_bALI 1959
245 _aIslam and The Modern World /
_c Prof. K. Ali,
250 _a3rd Ed.
260 _aDacca :
_bMollick Brothers,
_c1959.
300 _a289 p. :
_c18 cm.
650 _aModern World
650 _aIslam
942 _2ddc
_cBK